Statistics for Miami Heat: Most 3-PT FGs Each Year

Click here to take the quiz!

General Stats

  • This quiz has been taken 194 times
    (7 since last reset)
  • The average score is 19 of 36

Answer Stats

YearPlayer3-PT FGs% Correct
2023-2024Duncan Robinson187
100%
2021-2022Duncan Robinson232
100%
2019-2020Duncan Robinson270
100%
2020-2021Duncan Robinson250
100%
2013-2014LeBron James / Ray Allen116
100%
2012-2013Ray Allen139
100%
2022-2023Tyler Herro203
100%
1996-1997Tim Hardaway203
83%
1997-1998Tim Hardaway155
83%
2000-2001Tim Hardaway189
83%
1998-1999Tim Hardaway112
83%
2004-2005Damon Jones225
67%
2001-2002Eddie Jones149
67%
2002-2003Eddie Jones98
67%
2003-2004Eddie Jones177
67%
2010-2011James Jones123
67%
1994-1995Glen Rice185
50%
1993-1994Glen Rice132
50%
1992-1993Glen Rice148
50%
1991-1992Glen Rice155
50%
1990-1991Glen Rice71
50%
2006-2007Jason Kapono108
50%
2018-2019Josh Richardson164
50%
2011-2012Mario Chalmers101
50%
2009-2010Quentin Richardson142
50%
2005-2006Antoine Walker137
33%
1995-1996Rex Chapman125
17%
2016-2017Wayne Ellington149
17%
2017-2018Wayne Ellington227
17%
2008-2009Daequan Cook153
0%
1999-2000Jamal Mashburn112
0%
1989-1990Jon Sundvold44
0%
1988-1989Jon Sundvold48
0%
2014-2015Luol Deng78
0%
2015-2016Luol Deng88
0%
2007-2008Ricky Davis135
0%

Score Distribution

Percentile by Number Answered

Percent of People with Each Score

Your Score History

You have not taken this quiz since the last reset